000 00775cam a2200241 a 4500
001 25005
003 BD-RjUL
005 20211209050821.0
008 040504s1953 nyua 000 0 eng d
035 _a(BD-RjUL)25074
040 _aDLC
_beng
_cDLC
_dBD-RjUL
041 _aeng
082 0 4 _a954
_bFOH 1953
100 1 _aForster, E. M.
_q(Edward Morgan),
_d1879-1970.
_976914
245 1 4 _aThe hill of Devi /
_cby E. M. Forster.
260 _aNew York :
_bHarcourt, Brace and Company,
_c1953.
300 _a267 p. :
_bports. ;
_c21 cm.
500 _a"First American edition".
600 0 0 _aTukoji Rao Puar
_cMaharaja of Dewas State Senior,
_d1888-1937.
_976920
651 0 _aDewas Senior, India (State)
_xPolitics and government.
_976916
942 _2ddc
_cBK
999 _c25005
_d25005